Lifetime Most Common Male First Names Canada 2021 Census - Statistics

General Stats
  • This quiz has been taken 31 times
  • The average score is 16 of 26
Answer Stats
Rank Hint Answer % Correct
#4 220,640 John
96%
#1 248,925 David
83%
#17 90,895 Mark
83%
#2 238,005 Michael
78%
#8 138,565 Richard
78%
#6 170,325 Daniel
74%
#5 173,005 James
74%
#10 103,725 Matthew
74%
#18 90,635 Peter
74%
#9 113,280 Paul
70%
#3 233,840 Robert
65%
#26 66,975 Adam
61%
#14 94,405 Thomas
61%
#7 157,915 William
61%
#24 70,485 Jonathan
57%
#22 81,420 Joseph
57%
#13 100,470 Kevin
57%
#12 100,920 Andrew
52%
#11 101,855 Christopher
52%
#16 91,240 Eric
43%
#23 79,210 Patrick
43%
#15 92,465 Ryan
43%
#19 87,445 Brian
35%
#25 67,395 Donald
35%
#20 85,020 Jason
30%
#21 82,650 Michel
17%
No matching quizzes found
Score Distribution
Percent of People with Each Score
Percentile by Number Answered
Your Score History
You have not taken this quiz